000 00287nam a22001337a 4500
003 SGT
082 _a635.9
_bLAU
100 _aLAURIE ALEX
245 _aFLORICULTURE FUNDAMENTALS & PRACTICES
260 _aLONDON
_bMCGROW HILL
_c1942
300 _a496
650 _aAG
942 _2ddc
_cRARE
999 _c33755
_d33755